| 000 | 00716cam a22002533a 4500 | ||
|---|---|---|---|
| 001 | 24379 | ||
| 003 | PGUSA | ||
| 005 | 20140828083524.0 | ||
| 008 | 080121s2008||||xxu|||||s|||||000 | eng d | ||
| 040 |
_aPGUSA _beng |
||
| 042 | _adc | ||
| 050 | 4 | _aPZ | |
| 050 | 4 | _aPS | |
| 100 | 1 |
_aCarryl, Charles E. _q(Charles Edward), _d1841-1920 |
|
| 245 | 1 | 4 |
_aThe Admiral's Caravan _h[electronic resource] / _cCharles E. Carryl |
| 260 |
_bProject Gutenberg, _c2008 |
||
| 506 | _aPublic domain in the USA. | ||
| 516 | _aElectronic text | ||
| 653 | _aFairy tales | ||
| 700 | 1 |
_aBirch, Reginald Bathurst, _d1856-1943 |
|
| 830 | 0 |
_aProject Gutenberg _v24379 |
|
| 856 | 4 | 0 | _uhttp://www.gutenberg.org/ebooks/24379 |
| 942 | _cEB | ||
| 999 |
_c253634 _d253634 |
||